00391nam a2200157Ia 4500008004100000020001400041245002900055245005200084260001500136260001600151260000900167300001400176300002500190300001000215500000800225170705s9999 xx 000 0 und d a439055059 aAll the places to love / cPatricia Maclachlan ; paintings by Mike Wimmer. aNew York : bScholastic, c1994 aunpaged : bcolor illustration ; c28cm. a920